Score 0/14 Timer 03:00
0 Plays Today
% Correct
Adjust
94.7%
Wanderlust
93.9%
Dust
92.7%
Combust
92.7%
Exhaust
92.7%
Rust
92.3%
Crust
91.1%
% Correct
Degust
90.7%
Must
89.9%
Trust
89.1%
Just
88.3%
Entrust
88.3%
Joust
85.4%
August
80.6%
Remove Ads.
Support Sporcle.
Get the best of Sporcle when you Go Orange. This ad-free experience offers more features, more stats, and more fun while also helping to support Sporcle. Thank you for becoming a member.

You're not logged in!

Compare scores with friends on all Sporcle quizzes.
OR
Log In

Sporcle TV

Today on Sporcle TV


Watch our educational content, quiz creation guides, and fun videos on Sporcle TV.

Show Comments

Extras

Top Quizzes Today


Score Distribution

Paid Content

Your Account Isn't Verified!

In order to create a playlist on Sporcle, you need to verify the email address you used during registration. Go to your Sporcle Settings to finish the process.

Report this User

Report this user for behavior that violates our Community Guidelines.

Details: